Liberation management : Necessary disorganization for the nanosecond nineties
In the new economy, hierarchical business structures are being consigned to the shredder and replaced with flexible, fast-responding, ad hoc groups of brainworkers. Tom Peters, author of the bestselling IN SEARCH OF EXCELLENCE is once again ahead of the curve, and now demonstrates that the key to su...
محفوظ في:
| المؤلف الرئيسي: | |
|---|---|
| التنسيق: | كتاب |
| اللغة: | Undetermined |
| منشور في: |
New York
A. A. Knopf
1992
|
| الموضوعات: | |
| الوسوم: |
إضافة وسم
لا توجد وسوم, كن أول من يضع وسما على هذه التسجيلة!
|
| Thư viện lưu trữ: | Trung tâm Học liệu Trường Đại học Cần Thơ |
|---|
| LEADER | 00979nam a2200205Ia 4500 | ||
|---|---|---|---|
| 001 | CTU_221739 | ||
| 008 | 210402s9999 xx 000 0 und d | ||
| 082 | |a 658.4063 | ||
| 082 | |b P481 | ||
| 100 | |a Peters, Tom | ||
| 245 | 0 | |a Liberation management : | |
| 245 | 0 | |b Necessary disorganization for the nanosecond nineties | |
| 245 | 0 | |c Tom Peters | |
| 260 | |a New York | ||
| 260 | |b A. A. Knopf | ||
| 260 | |c 1992 | ||
| 520 | |a In the new economy, hierarchical business structures are being consigned to the shredder and replaced with flexible, fast-responding, ad hoc groups of brainworkers. Tom Peters, author of the bestselling IN SEARCH OF EXCELLENCE is once again ahead of the curve, and now demonstrates that the key to success in business future is total engagement, dynamism, speed, and independence... | ||
| 650 | |a Organizational effectiveness,Hiệu quả tổ chức | ||
| 904 | |i Thủy Vy, Tiên | ||
| 980 | |a Trung tâm Học liệu Trường Đại học Cần Thơ | ||